000 00506nam a2200181 4500
003 SEACOMMC
005 20250424133849.0
008 241104b |||||||| |||| 00| 0 eng d
020 _a 978-81-20326-40-8
_cRs.350.00
040 _aSEACOMMC
082 _a658.4033
_bG 997
100 _aGupta, M.P
245 1 _aQuantitative Techniques for Decision Making
_c M.P Gupta[and]R.B. Khanna
250 _a2nd ed.
260 _a New Delhi
_b Prentice-Hall of India
_c 2006
650 _a Statistics
942 _cBOOK
999 _c726
_d726